000 01627nam a2200445 4500
999 _c24142
_d24142
001 vtls012287445
005 20260218101322.0
008 251117s2025 xo oda g f 000 0 slo
020 _a9788022217330
_q(brožované)
040 _aSNK
_bslo
_cSNK
_erda
041 0 _aslo
044 _axo
_cSK
072 7 _a336.7
_xFinancie
_2konspekt
080 _a336
_22011
080 _a(035)
_22011
080 _a17.024.4:336.7
_22011
100 1 _aHrbatý, Juraj
_4aut
_95420
245 1 0 _aKoľko stojí vaše šťastie?
_b10 krokov, ako si z výplaty vybudovať bohatstvo a získať slobodu
_cJuraj Hrbatý, Ján Tonka, Šimon Pekar
246 3 0 _a10 krokov, ako si z výplaty vybudovať bohatstvo a získať slobodu
246 3 _aDesať krokov, ako si z výplaty vybudovať bohatstvo a získať slobodu
250 _aVydanie I.
264 1 _aBratislava
_bTatran
_c2025
300 _a237 strán
_bfotografie, grafy, tabuľky
_c23 cm
336 _atext
_btxt
_2rdacontent
337 _abez média
_bn
_2rdamedia
338 _azväzok
_bnc
_2rdacarrier
490 1 _aSlovenská tvorba
_v160. zväzok
500 _aObsahuje profesijné údaje o autoroch
500 _aObsahuje zdroje citátov
650 0 7 _afinancie
_2SNKPH
_95421
650 0 7 _afinančný úspech
_2SNKPH
_95422
650 0 7 _aFinance
_2SNKPHeng
_95423
650 0 7 _aFinancial success
_2SNKPHeng
_95424
655 7 _apríručky
_2SNKPH
_91541
655 7 _aHandbooks, manuals, etc.
_2SNKPHeng
_91630
700 1 _aTonka, Ján
_4aut
_95425
700 1 _aPekar, Šimon
_4aut
_95426
700 1 _aZentko, Peter
_4bjd
_95357